Nonlinear differential equations and dynamical systems

Αποθηκεύτηκε σε:
Λεπτομέρειες βιβλιογραφικής εγγραφής
Κύριος συγγραφέας: Verhulst, Ferdinand 1939-
Μορφή: Βιβλίο
Γλώσσα:English
Δημοσίευση: Berlin : Springer-Verlag, c1990
Σειρά:Universitext
Θέματα:
Ετικέτες: Προσθήκη ετικέτας
Δεν υπάρχουν, Καταχωρήστε ετικέτα πρώτοι!

MARC

LEADER 00000nam a2200000 i 4500
001 1/28502
008 941103s1990 eng d
020 |a 3-540-50628-4 
035 |a 1991  |c ΣΕΙΜΕΝΗΣ  |l 10038090 
040 |a GR-MY-UA  |b gre  |e aacr 
041 0 |a eng 
082 0 |a 515.355 
100 1 |a Verhulst, Ferdinand  |d 1939- 
245 1 0 |a Nonlinear differential equations and dynamical systems /  |c Ferdinand Verhulst 
260 |a Berlin :   |b Springer-Verlag,   |c c1990 
300 |a 277 p.;  |c 24 cm. 
490 1 |a Universitext 
500 |a Includes bibliographival references and index 
650 0 0 |a Differential equations, Nonlinear. 
650 0 0 |a Differentiable dynamical systems. 
830 0 |a Universitext 
852 |a INST  |b SAMOS  |e 19941103  |h 515.355 VER  |p 005300002997  |q 005300002997  |t BK  |y 0 
909 |a Σ  |b 021008